000 00312nam a22001337a 4500
008 180110b xxu||||| |||| 00| 0 eng d
020 _a9780071241526
041 _aeng
080 _a004
100 _a30
101 _aSHK
245 _aFUNDAMENTALS OF SEMICONDUCTOR DEVICES
_cANDERSON.B.L
942 _2udc
_cBK
999 _c40059
_d40059